Principles of marketing management / (Record no. 648)
[ view plain ]
| 000 -LEADER | |
|---|---|
| fixed length control field | 00845nam a22002177a 4500 |
| 005 - DATE AND TIME OF LATEST TRANSACTION | |
| control field | 20230617053443.0 |
| 008 - FIXED-LENGTH DATA ELEMENTS--GENERAL INFORMATION | |
| fixed length control field | 230124b |||||||| |||| 00| 0 eng d |
| 020 ## - INTERNATIONAL STANDARD BOOK NUMBER | |
| International Standard Book Number | 971-08-0411-1 |
| 082 ## - DEWEY DECIMAL CLASSIFICATION NUMBER | |
| Classification number | Fil. 658.8 P957 1984 |
| 100 ## - MAIN ENTRY--PERSONAL NAME | |
| Personal name | Evangelista, Felicitas U. |
| Relator term | author |
| 245 ## - TITLE STATEMENT | |
| Title | Principles of marketing management / |
| Statement of responsibility, etc. | Felicitas U. Evangelista, Dominador A. Clemente Jr., Nadine Michelle M. Sicat, Alma C. Dacanay, Maria Victoria E. AƱonuevo |
| 260 ## - PUBLICATION, DISTRIBUTION, ETC. | |
| Place of publication, distribution, etc. | Mandaluyong City: |
| Name of publisher, distributor, etc. | National Book Store, |
| Date of publication, distribution, etc. | c1984. |
| 300 ## - PHYSICAL DESCRIPTION | |
| Extent | xx, 611p.; |
| Other physical details | ill. |
| 504 ## - BIBLIOGRAPHY, ETC. NOTE | |
| Bibliography, etc. note | Includes bibliographical references |
| 541 ## - IMMEDIATE SOURCE OF ACQUISITION NOTE | |
| Accession number | 3326 c.1, 4007 c.2 |
| 650 ## - SUBJECT ADDED ENTRY--TOPICAL TERM | |
| Topical term or geographic name entry element | Marketing |
| 700 ## - ADDED ENTRY--PERSONAL NAME | |
| Personal name | Clemente, Dominador A., Jr. |
| Relator term | author |
| 700 ## - ADDED ENTRY--PERSONAL NAME | |
| Personal name | Sicat, Nadine Michelle M. |
| Relator term | author |
| 700 ## - ADDED ENTRY--PERSONAL NAME | |
| Personal name | Dacanay,Alma C. |
| Relator term | author |
| 700 ## - ADDED ENTRY--PERSONAL NAME | |
| Personal name | AƱonuevo, Maria Victoria E. |
| Relator term | author |
| Withdrawn status | Lost status | Source of classification or shelving scheme | Damaged status | Not for loan | Home library | Current library | Date acquired | Total Checkouts | Full call number | Barcode | Date last seen | Copy number | Price effective from | Koha item type | Date due | Date last checked out |
|---|---|---|---|---|---|---|---|---|---|---|---|---|---|---|---|---|
| Dewey Decimal Classification | ctu-moalboal | ctu-moalboal | 01/29/2014 | Fil. 658.8 P957 1984 | 3326 | 01/24/2023 | 1 | 01/24/2023 | Books-Filipiniana | |||||||
| Dewey Decimal Classification | ctu-moalboal | ctu-moalboal | 11/14/2014 | 1 | Fil. 658.8 P957 1984 | 4007 | 03/23/2023 | 2 | 01/24/2023 | Books-Filipiniana | 04/06/2023 | 03/23/2023 |